00609nam a22001817a 450000500170000001000150001702000260003203500140005803700130007208200080008524500360009325000190012926000420014827001410019030000310033149000350036250000300039720190716125607.0 aENG-125945 a9789353431754c150.00 aEN-109477 bDBAD/PUB a540 aChemistry practice book class-9 aSecond edition aNoida bPearson India Educationc2019 a15th Floor, Tower-B, World Trade Tower, Plot No.I, Block-C, Sector 16bNoida, Uttar Pradesh e201301mcompanysecretary.india@pearson.com avarious paging.c25cm(pbk) aPearsons IIT foundation series aTrishna knowledge systems